000 00834nam a2200217Ia 4500
003 GCL
005 20240530104651.0
008 140319s9999 xx 000 0 ara d
040 _aGCL /
_cGCL
082 0 4 _a962.054
_bق/م م
100 1 _aمحمد فريد حشيش
245 1 0 _aمعاهدة 1936 :
_bواثرها فى العلاقات المصرية البريطانية حتى نهاية الحرب العالمية الثانية 1945 /
_cمحمد فريد حشيش
250 _aط1
260 _aالقاهرة :
_bالزهراء للاعلام العربى ،
_c1994
300 _a511 ص ؛
_c24 سم
490 _aالهيئة العامة للاستعلامات
_v0
650 0 4 _aمعاهدة 1936
650 0 4 _aمصر - تاريخ
650 0 4 _aالعلاقات المصرية البريطانية
942 _2ddc
_cBK
999 _c49670
_d49670